Fordaq (Record no. 120945)

MARC details
000 -LEADER
fixed length control field 00717cai a22001935a 4500
001 - CONTROL NUMBER
control field L155009
008 - FIXED-LENGTH DATA ELEMENTS--GENERAL INFORMATION
fixed length control field 120217u2012 xxk f 000 0 eng d
035 ## - SYSTEM CONTROL NUMBER
System control number (Sirsi) u155009
041 0# - LANGUAGE CODE
Language code of text/sound track or separate title eng
110 2# - MAIN ENTRY--CORPORATE NAME
Corporate name or jurisdiction name as entry element Fordaq
9 (RLIN) 5672
245 00 - TITLE STATEMENT
Title Fordaq
Remainder of title the timber network
Medium [electronic resource]
260 ## - PUBLICATION, DISTRIBUTION, ETC.
Place of publication, distribution, etc. Brussels
Name of publisher, distributor, etc. Fordaq
Date of publication, distribution, etc. [2012?]
520 ## - SUMMARY, ETC.
Summary, etc. Website for Fordaq, the online market for wood professionals worldwide. Marketplace, directory, market information, services, latest news, price index, special reports, timber auctions.
590 ## - LOCAL NOTE (RLIN)
Local note KA
651 #4 - SUBJECT ADDED ENTRY--GEOGRAPHIC NAME
Geographic name International
690 ## - LOCAL SUBJECT ADDED ENTRY--TOPICAL TERM (OCLC, RLIN)
Topical term or geographic name as entry element Cost management
9 (RLIN) 6233
856 40 - ELECTRONIC LOCATION AND ACCESS
Uniform Resource Identifier <a href="https://www.fordaq.com/">https://www.fordaq.com/</a>
Public note View the website free of charge at www.fordaq.com
942 ## - ADDED ENTRY ELEMENTS (KOHA)
Suppress in OPAC 0
Holdings
Withdrawn status Lost status Source of classification or shelving scheme Damaged status Not for loan Home library Current library Shelving location Date acquired Total Checkouts Full call number Barcode Date last seen Copy number Price effective from Koha item type
    Dewey Decimal Classification     Virtual Virtual Online 17/02/2012   WEB-SITE 155009-2001 06/08/2019 1 06/08/2019 Online material